| 000 | 01036nam a2200349 a 4500 | ||
|---|---|---|---|
| 001 | 000037615 | ||
| 003 | DO-SdBNP | ||
| 005 | 20180213133300.0 | ||
| 007 | 000037615 | ||
| 008 | 121008s2008 dr 000 0 spa d | ||
| 020 | _a9789945068795 | ||
| 040 |
_aBPMSU _bspa _cBPMSU |
||
| 082 | 4 |
_a813.52 _bH488v |
|
| 100 | 1 |
_aHemingway, Ernest, _d1899-1961 |
|
| 245 | 1 | 3 |
_aEl viejo y el mar / _cErnest Hemingway ; edición Isael Pérez. |
| 260 |
_aSanto Domingo : _bSantuario, _c2008. |
||
| 300 |
_a100 p. ; _c21 cm. |
||
| 500 | _aIncluye notas al pie de las páginas | ||
| 586 | _aPremio Nobel de Literatura 1954 | ||
| 650 | _aNOVELA ESTADOUNIDENSE | ||
| 650 | _aLITERATURA ESTADOUNIDENSE | ||
| 700 | 1 | 2 |
_aPérez, Isael, _eed. |
| 930 | 1 |
_l _m _8 _f _p _g _h |
|
| 930 | 1 |
_l _m _8 _f _p _g _h |
|
| 930 | 1 |
_l _m _8 _f _p _g |
|
| 930 | 1 |
_l _m _8 _f _p _g _h |
|
| 942 |
_2ddc _cBK |
||
| 945 | _aInventariado / 2017 VM | ||
| 956 |
_a _b _c _l _h |
||
| 956 |
_a _b _c _l _h |
||
| 956 |
_aVMATEO _b10 _c20150507 _lBPMSU _h00151 |
||
| 999 |
_c7815 _d7815 |
||